miejsce zamieszkania, unit 2, page 34 - Statystyki

Ogólne statystyki
  • Ten quiz został rozwiązany 26 razy
    25 od ostatniego zresetowania
  • Średni wynik to 28 z 203
Statystyki odpowiedzi
POL ANG % Poprawnych
ławka bench
85%
podwórko za domem backyard
69%
ogrodzenie fence
69%
ścieżka path
69%
ścieżka żwirowa gravel
62%
żywopłot hedge
54%
miejsce do przechowywania rowerów bike storage
46%
basen bez krawędzi infinity pool
46%
skrzynka na listy letterbox
46%
studnia well
46%
hangar dla łodzi boathouse
38%
leżak deckchair
38%
garaż na dwa samochody double garage
38%
podjazd drive/driveway
38%
nadmuchiwany basen inflatable pool
38%
ozdoba ornament
38%
drzewo ozdobne ornamental tree
38%
domek na drzewie tree house
38%
drabinka gimnastyczna climbing frame
31%
dom na wsi cottage
31%
klamka door handle
31%
kontener na śmieci dustbin
31%
suszarka do włosów hair dryer
31%
odizolowany isolated
31%
ogrzewacz ogrodowy outdoor heater
31%
chodnik pavement
31%
plac zabaw, boisko playground
31%
działka plot of land
31%
ogrodzenie metalowe, balustrada railing(s)
31%
piaskownica sandpit/sandbox
31%
dom bliźniak semi-detached house
31%
huśtawka swing
31%
starożytny, wiekowy, bardzo stary ancient
23%
jasny bright
23%
dojazd do pracy, dojeżdżać do pracy commute
23%
wieś countryside
23%
zastawa stołowa crockery
23%
dom wolnostojący detached house
23%
dzwonek do drzwi doorbell
23%
suszarka dryer/drier
23%
czuć się swobodnie feel at home
23%
grządka kwiatowa, rabatka, klomb flowerbed
23%
pełen zieleni leafy
23%
położenie location
23%
rezydencja mansion
23%
oczko wodne, sadzawka pond
23%
dachówki roof tiles
23%
zaniedbany shabby
23%
składzik, szopa shed
23%
zraszacz sprinkler
23%
klatka schodowa staircase
23%
latarnia uliczna steetlight/streetlamp
23%
przedmieście suburb
23%
podmiejski suburban
23%
słoneczny sunny
23%
klimatyzacja air conditioning
15%
przestronny airy
15%
budzik alarm clock
15%
blok mieszkalny apartment block
15%
pusty bare
15%
mieszkanie w suterenie, piwnicy basement flat
15%
pościel bedding
15%
wynajęty pokój, kawalerka bedsit
15%
klatka dla ptaków birdcage
15%
kotłownia boiler room
15%
szafa wnękowa built-in/fitted wardrobe
15%
centralne ogrzewanie central heating
15%
przytulny cosy
15%
mieszkanie komunalne council house
15%
okazały dom na wsi, dwór country house
15%
poduszka dekoracyjna cushion
15%
gałka u drzwi doorknob
15%
wycieraczka doormat
15%
dom wiejski farmhouse
15%
ogrodzony fenced off
15%
doniczka flowerpot
15%
dom wakacyjny holiday home
15%
prowadzić dom keep house
15%
materac mattress
15%
niechlujny, zabałaganiony, nieporządny messy
15%
budynek wielopiętrowy multi-storey building
15%
dom otwarty open house
15%
instalacja wodno-kanalizacyjna plumbing
15%
grzejnik, kaloryfer radiator
15%
mieszkaniec/mieszkanka resident
15%
dzielnica mieszkaniowa residential area
15%
grządka warzywna vegetable plot/patch
15%
parapet windowsill
15%
w pobliżu within easy reach
15%
przydzielić miejsce parkingowe assign a parking space
8%
płytki łazienkowe bathroom tiles
8%
stolik nocny, szafka nocna bedside table
8%
półka/półki na książki (book)shelf/(book)shelves
8%
łóżko piętrowe bunk beds
8%
alarm antywłamaniowy burglar alarm
8%
świecznik candlestick
8%
piwnica cellar
8%
komoda chest of drawers
8%
zagracony cluttered
8%
obskurny dingy
8%
toaletka dressing table
8%
trwały durable
8%
łatwy dostęp do czegoś easy access to sth
8%
łatwy do czyszczenia easy-to-clean
8%
wykładzina dywanowa fitted/wall-to-wall carpet
8%
zasłony do ziemi floor-length curtains
8%
puchaty dywanik fluffy rug
8%
zdjęcie oprawione w ramkę framed photograph
8%
wanna wolnostojąca free-standing bath/bathtub
8%
ogrodzone osiedle mieszkaniowe gated community
8%
serwantka, witryna glass-fronted cabinet
8%
zegar szafkowy grandfather clock
8%
pokój gościnny guest room
8%
jacuzzi hot tub
8%
szukać domu/mieszkania house-hunt
8%
zgiełk hustle and bustle
8%
robiący wrażenie, imponujący impressive
8%
szerokie łóżko king-sized bed
8%
pukać do drzwi knock on the door
8%
panele podłogowe laminate flooring
8%
półpiętro landing
8%
dwór manor house
8%
samochód kempingowy motor home
8%
krzesło biurowe office chair
8%
na koszt firmy on the house
8%
miejsce parkingowe parking space
8%
poduszka do spania pillow
8%
roślina doniczkowa potted plant
8%
kołdra quilt/duvet
8%
woda bieżąca running water
8%
zasłonka prysznicowa shower curtain
8%
krzew shrub
8%
rozkładana kanapa sofa bed
8%
kawalerka studio flat
8%
wieżowiec tower block
8%
kamienica townhouse
8%
suszarka bębnowa tumble dryer
8%
budynek dwupiętrowy two-storey building
8%
nieumeblowany unfurnished
8%
w niewielkiej odległości od (czegoś) within walking distance of
8%
działka (pracownicza/rekreacyjna) allotment
0%
zabytkowe meble antique furniture
0%
miejsce, gdzie człowiek czuje się jak w domu (a real) home from home
0%
poręcz, balustrada banister
0%
luksusowy apartament na ostatnim piętrze budynku
0%
(wygodnie/ładnie) usytuowany (conveniently/pleasantly) located
0%
zaadaptowane poddasze converted loft
0%
ciasny, zastawiony cramped
0%
wilgotny damp
0%
zaprojektowany przez designed by
0%
w opłakanym stanie dilapidated
0%
śródmiejski, centralny downtown
0%
objeść kogoś, wyczyścić komuś lodówkę eat sb out of house and home
0%
łazienka przy sypialni en-suite bathroom
0%
rozległe obszary wiejskie expansive countryside
0%
element instalacji, armatura fitting
0%
w pełni wyposażony fully equipped
0%
w pełni umeblowany fully furnished
0%
z miejsca się zaprzyjaźnić get on like a house on fire
0%
przeszklony regał na książki, biblioteczka (glass-fronted) bookcase
0%
odporny na gorąco heat-resistant
0%
wysokie krzesełko dla dziecka high chair
0%
sprzęt AGD household appliances
0%
gęstość zabudowy mieszkalnej housing density
0%
osiedle mieszkaniowe housing development
0%
osiedle mieszkaniowe housing estate
0%
zlew kuchenny kitchen sink
0%
pralnia laundry (room/area)
0%
oświetlenie, instalacja oświetleniowa light fixtures
0%
na zamówienie / na wymiar made-to-order
0%
czuć się jak u siebie w domu, rozgościć się make yourself at home
0%
(marmurowy) blat kuchenny (marble) worktop/work surface
0%
schludny, czysty neat and tidy
0%
otwarty, bez ścianek działowych open-plan
0%
peryferie miasta outskirts
0%
spiżarnia pantry
0%
poszewka na poduszkę pillowcase
0%
kojec dla dziecka playpen
0%
ciasny poky
0%
doprowadzić własne sprawy do porządku put your house in order
0%
uroczy, o staroświeckim wdzięku quaint
0%
budynek mieszkalny residential building
0%
fotel bujany rocking chair
0%
rolety roller blinds
0%
przestronny roomy
0%
zniszczony run-down
0%
wiejski rural
0%
antena satelitarna satellite dish
0%
dźwiękoszczelny, wyciszony soundproof
0%
przestronny spacious
0%
sypialnia gościnna spare bedroom
0%
skąpo urządzony/umeblowany sparsley decorated / furnished
0%
zabytkowa rezydencja wiejska, dwór, pałac stately home
0%
taboret, stołek stool
0%
miejsce do przechowywania storage space
0%
stylowy, elegancki stylish
0%
dom szeregowy terraced house/terrace
0%
Nie ma jak w domu! there's no place like home
0%
osiedle przyczep kempingowych trailer park
0%
ultranowoczesny ultra-modern
0%
nieprzyjemny, nieprzytulny unwelcoming
0%
przestrzeń miejska urban area
0%
o podmiejskim klimacie with a suburban feel
0%
Nie znaleziono quizów pasujących do podanych kryteriów
Rozkład punktacji
Procent ludzi z każdym wynikiem
Percentyl według liczby udzielonych odpowiedzi
Twoja historia wyników
Nie rozwiązałeś tego quizu od ostatniego zresetowania